| 000 | 01212na a2200277 4500 | ||
|---|---|---|---|
| 001 | 23807 | ||
| 003 | MIRAKIL | ||
| 005 | 20181213155318.0 | ||
| 008 | 171227b tu 000 0 | ||
| 040 |
_aMilas _btur _cTR-AnCHP |
||
| 041 | _atur | ||
| 082 |
_a343.04 _bİ17 1958 |
||
| 090 | _a343.04 İ17 1958 | ||
| 245 |
_aİçtihatlı ve notlu Vergi Usul Kanunu ve ilgili diğer mevzuat _chazırlayanlar Ayhan Hankuş, Özhan Eroğuz |
||
| 260 |
_aAnkara _b[yayl.y.] _c1958 _fDoğuş Ltd. Şirketi matbaası |
||
| 300 |
_aiii. 346 s. _c24 sm. |
||
| 490 |
_aMaliye ve Hukuk yayınları _v51 |
||
| 505 | _aVergi usul kanunu ve amme alacaklarının tahsil usulü hakkında kanun; Ticaret kanunu, ceza kanunu hukuk yargılama usulü, ceza yargılama usulü, İcra iflas ve şurayı devlet kanunlarının ilgili hükümleri; Gelir vergisi, kurumlar vergisi kanunlarının ilgili maddeleri; Devlet Şurası Kararları ve Maliye Vekaleti genel tebliğleri. | ||
| 650 |
_aVergi _xHukuk ve mevzuat _zTürkiye |
||
| 650 |
_aVergi usul hukuku _zTürkiye |
||
| 650 |
_aVergi hukuku _zTürkiye |
||
| 657 | _aVergi Usul Kanunu | ||
| 700 |
_aEroğuz, Özhan _ehaz. |
||
| 700 |
_aHankuş, Ayhan _ehaz. |
||
| 942 |
_2ddc _cBKS |
||
| 999 |
_c10373 _d10373 |
||